| 000 | 01112cam a2200289 i 4500 | ||
|---|---|---|---|
| 001 | 27377 | ||
| 003 | BD-RjUL | ||
| 005 | 20211209051140.0 | ||
| 008 | 140325s1978 nyua b 000 0 eng | ||
| 035 | _a(BD-RjUL)27450 | ||
| 040 |
_aDLC _cDLC _dDLC _dBD-RjUL _beng |
||
| 041 | _aeng | ||
| 082 | 0 | 0 |
_a309.1679 _bISL 1978 |
| 100 | 1 |
_aIsaacman, Allen F. _984102 |
|
| 245 | 1 | 2 |
_aA luta continua : _bcreating a new society in Mozambique / _cAllen Isaacman. |
| 260 |
_aBinghamton, N.Y. : _bFernand Braudel Center for the Study of Economies, Historical Systems, and Civilizations, State University of New York, _cc1978. |
||
| 300 |
_a131 p. : _bill. ; _c22 cm. |
||
| 504 | _aBibliography: p. 130-131. | ||
| 651 | 0 |
_aMozambique _xSocial conditions _y1975- _984104 |
|
| 651 | 0 |
_aMozambique _xPolitics and government. _984105 |
|
| 651 | 0 |
_aMozambique _xEconomic conditions. _984106 |
|
| 710 | 2 |
_aFernand Braudel Center for the Study of Economies, Historical Systems, and Civilizations. _984107 |
|
| 942 |
_2ddc _cBK |
||
| 999 |
_c27377 _d27377 |
||